00692 2200217 4500001002100000005001500021035002000036007000300056008004100059020001800100082001100118084001700129100001600146245004000162250001100202260003600213300002100249700001500270520017300285990001600458INLIS00000000000015320260526014540 a0010-0526000041ta260526 b 0 ind  a9786024202125 a297.54 a297.54 IWO z0 aIwok Abqary1 aZainab Gemar Sedekah /cIwok Abqary aCet. I aBandung :bMizan Pustaka,c2016 a20 hlm. :bIlus.0 aM. Isnaeni aBuku Zainab Istri Rasulullah mengisahkan kehidupan Zainab binti Jahsy, salah satu istri Rasulullah yang terkenal karena ketakwaan, kesederhanaan, dan sifat dermawannya. a00000000181